|
|
|
|
| LEADER |
00000cam a2200000 a 4500 |
| 001 |
vtls001294665 |
| 003 |
SK-MaSNL |
| 005 |
20260302065934.0 |
| 008 |
240226s1961 xo a gr 000 f slo |
| 015 |
|
|
|a SNBA1961/04-00690
|
| 020 |
|
|
|q (viazané)
|
| 035 |
|
|
|a SNK000246467
|
| 035 |
|
|
|a urn:nbn:sk:snk-am3isvm
|
| 035 |
|
|
|a 2E338304-EAE5-400B-A317-5EE53E771FEA
|
| 035 |
|
|
|a urn:nbn:sk:snk-am00fgjv
|
| 040 |
|
|
|a SNK
|b slo
|c SNK
|e AACR2
|
| 041 |
1 |
|
|a slo
|h cze
|
| 044 |
|
|
|a xo
|c SK
|
| 072 |
|
7 |
|a 821.162.3
|x Česká literatúra
|2 konspekt
|
| 080 |
|
|
|a 821.162.3-31
|2 2011
|
| 100 |
1 |
|
|a Němcová, Božena,
|d 1820-1862
|4 aut
|9 85909
|
| 240 |
1 |
0 |
|a Babička
|l Slovensky
|
| 245 |
1 |
0 |
|a Babička
|c Božena Němcová ; ilustrácie Adolfa Kašpara ; [z českého originálu preložil Jozef Felix]
|
| 250 |
|
|
|a 4. vyd.
|
| 260 |
|
|
|a [Bratislava]
|b Mladé letá
|c 1961
|
| 300 |
|
|
|a 246 strán, [8] nečíslovaných strán obrazových príloh
|b farebné ilustrácie
|c 25 cm
|
| 366 |
|
|
|e 25000 kusov
|
| 490 |
1 |
|
|a Školská knižnica
|
| 500 |
|
|
|a Ilustrované predsádky ; vysvetlivky ku kapitole na strane 243-[247]
|
| 655 |
|
7 |
|a české romány
|2 SNKPH
|9 70600
|
| 700 |
1 |
|
|a Kašpar, Adolf,
|d 1877-1934
|4 ill
|9 62154
|
| 700 |
1 |
|
|a Felix, Jozef,
|d 1913-1977
|4 trl
|9 92715
|
| 830 |
|
0 |
|a Školská knižnica
|9 289975
|
| 852 |
|
|
|a Slovenská národná knižnica
|
| 954 |
|
|
|a beletria cudzojazyčná (svetová)
|2 lita
|
| 958 |
|
|
|a EUIPO
|
| 958 |
|
|
|a OND
|
| 958 |
|
|
|a RK
|
| 958 |
|
|
|a TL
|
| 958 |
|
|
|a CZ
|
| 958 |
|
|
|a LX
|
| 958 |
|
|
|a UP
|
| 999 |
|
|
|c 1144607
|d 1146537
|
| 952 |
|
|
|t P60, <04>, [BOOK], {604}
|a SNK
|b SNK
|y VYP
|7 0
|p 17A0080367
|o snkSC 15171 D1
|0 0
|1 0
|4 0
|d 1997-07-15
|l 0
|r 2005-01-02 00:00:00
|w 2026-02-24
|
| 952 |
|
|
|a SNK
|b SNK
|y PREZ
|7 0
|p 17A0842942
|o snkSC 15171
|i snkKSP 2009/61
|0 0
|1 0
|4 0
|d 2020-04-15
|f 1
|l 0
|r 2025-07-16 00:00:00
|w 2026-02-24
|